Catalog

Record Details

Catalog Search



Co ti brání v podnikání? : právo na informace právě teď!  Cover Image Book Book

Co ti brání v podnikání? : právo na informace právě teď! / [obsah zpracovalo NICM]

Record details

  • ISBN: 978-80-87335-85-7
  • Physical Description: 30 s. : il. (převážně barev.), portréty ; 15 x 21 cm
  • Publisher: [Praha] : Dům zahraniční spolupráce ve spolupráci s Národním informačním centrem pro mládež, 2014

Content descriptions

General Note:
Název z obálky
1500 výt.
Bibliography, etc. Note:
Obsahuje bibliografické odkazy
Subject: podnikání > Česko
business > Czechia
Genre: informační publikace
information publications

Available copies

  • 1 of 1 copy available at Common Catalog SPOK.

Holds

  • 0 current holds with 1 total copy.
Show Only Available Copies
Location Call Number / Copy Notes Barcode Shelving Location Status Due Date
Varianty Cho Co 4605401523 Šafaříkova 17 - 5. patro, chodba Available -

LDR 01300nam a2200361 a 4500
00132002
003CZ-PrJAB
00520190601064907.0
007ta
008150429s2014 xr ac e f 000 0 cze
020 . ‡a978-80-87335-85-7 ‡q(brož.)
035 . ‡a(CZ PrNK)nkc20152680194
040 . ‡aABA001 ‡bcze
043 . ‡ae-xr---
072 7. ‡a658 ‡xŘízení a správa podniku ‡2Konspekt ‡94
080 . ‡a658.114 ‡2MRF
080 . ‡a347.72 ‡2MRF
080 . ‡a(437.3) ‡2MRF
080 . ‡a(036) ‡2MRF
24500. ‡aCo ti brání v podnikání? : ‡bprávo na informace právě teď! / ‡c[obsah zpracovalo NICM]
260 . ‡a[Praha] : ‡bDům zahraniční spolupráce ve spolupráci s Národním informačním centrem pro mládež, ‡c2014
300 . ‡a30 s. : ‡bil. (převážně barev.), portréty ; ‡c15 x 21 cm
500 . ‡aNázev z obálky
500 . ‡a1500 výt.
504 . ‡aObsahuje bibliografické odkazy
65007. ‡apodnikání ‡7ph115766 ‡zČesko ‡2czenas
65009. ‡abusiness ‡zCzechia ‡2eczenas
655 7. ‡ainformační publikace ‡7fd132454 ‡2czenas
655 9. ‡ainformation publications ‡2eczenas
7102 . ‡aNárodní informační centrum pro mládež ‡7kn20090417029
910 . ‡aABH006
901 . ‡a32002 ‡b ‡c32002 ‡tbiblio

Additional Resources